Slavery / (Record no. 12983)
[ view plain ]
| 000 -LEADER | |
|---|---|
| fixed length control field | 01285nam a2200265 a 4500 |
| 001 - CONTROL NUMBER | |
| control field | 12983 |
| 003 - CONTROL NUMBER IDENTIFIER | |
| rucl marc code | BD-RjUL |
| 005 - DATE AND TIME OF LATEST TRANSACTION | |
| control field | 20211208235403.0 |
| 008 - FIXED-LENGTH DATA ELEMENTS--GENERAL INFORMATION | |
| fixed length control field | 190306s1930 u 000 0 eng |
| 035 ## - SYSTEM CONTROL NUMBER | |
| System control number | (BD-RjUL)13033 |
| 040 ## - CATALOGING SOURCE | |
| Original cataloging agency | DLC |
| Transcribing agency | ABC |
| Modifying agency | EQO |
| -- | BD-RjUL |
| Language of cataloging | eng |
| 041 ## - LANGUAGE CODE | |
| Language code of text/sound track or separate title | eng |
| 082 ## - DEWEY DECIMAL CLASSIFICATION NUMBER | |
| Edition number | 23 |
| Classification number | 326 |
| Author mark and year | SIS 1930 |
| 100 1# - MAIN ENTRY--PERSONAL NAME | |
| Personal name | Simon, Kathleen Harvey, |
| 9 (RLIN) | 229081 |
| 245 10 - TITLE STATEMENT | |
| Title | Slavery / |
| Statement of responsibility, etc. | by Kathleen Simon ; With a pref. by John Simon. |
| 250 ## - EDITION STATEMENT | |
| Edition statement | People's library ed. , New ed. |
| 260 ## - PUBLICATION, DISTRIBUTION, ETC. (IMPRINT) | |
| Place of publication, distribution, etc. | London : |
| Name of publisher, distributor, etc. | Hodder and Stoughton, limited, |
| Date of publication, distribution, etc. | 1930 |
| 300 ## - PHYSICAL DESCRIPTION | |
| Pagination | xv, 300 p. ; |
| Size | 23 cm. |
| 490 ## - SERIES STATEMENT | |
| Series statement | People's library. |
| 505 0# - FORMATTED CONTENTS NOTE | |
| Formatted contents note | Preface to the new edition. -- Preface by Sir John Simon. -- Author's foreword. -- The cry of the slaves.-- The slaves of Abyssinia.-- Sudan.-- Arabia.-- Sierra Leone.-- Liberia.-- Slavery in China.-- Burma.-- Nepal.-- Other forms of servitude.-- Forced labour.-- The gallery of emancipators.-- Slavery and the law.-- Abolition: the new international effort.-- The challenge to civilisation.-- Supplemental chapter. -- Appendices: I. Slavery convention. II. Slave Trade (consolidation) Act, 1873. -- Index. |
| 650 #0 - SUBJECT ADDED ENTRY--TOPICAL TERM | |
| Topical term or geographic name as entry element | Slavery. |
| 9 (RLIN) | 229082 |
| 700 ## - ADDED ENTRY--PERSONAL NAME | |
| Personal name | Simon, John , prefacer |
| 830 #0 - SERIES ADDED ENTRY--UNIFORM TITLE | |
| Uniform title | People's library. |
| 942 ## - ADDED ENTRY ELEMENTS (KOHA) | |
| Source of classification or shelving scheme | Dewey Decimal Classification |
| Koha item type | Rare Books |
| Lost status | Source of classification or shelving scheme | Damaged status | Not for loan | Collection code | Permanent Location | Current Location | Shelving location | Date acquired | Source of acquisition | Total Checkouts | Full call number | Date last seen | Copy number | Koha item type |
|---|---|---|---|---|---|---|---|---|---|---|---|---|---|---|
| Dewey Decimal Classification | Not For Loan | Rare Books | Central Library, University of Rajshahi | Central Library, University of Rajshahi | Rare Book Section | 31/12/1963 | Pak Law House | RA 326 SIS 1930 | 06/03/2019 | C-1 | Rare Books |